000 00831nas a2200289 4500
001 BR2015001861
003 BR-BrBNA
005 20231205125153.0
007 ta
008 230509b bl.|||p| |||| 00| 00por d
040 _aBR-BrBNA
_bpor
_cBiblioteca Nacional de Agricultura
041 _a(Pt)
072 _aL73
100 1 _aSchenkel, D.M.
100 1 _aCavalcante, M.K.M.
100 1 _aDamasceno, E. dos S.
100 1 _aCampos, A.K.
100 1 _aFurlan, F.H.
245 1 _aSurto de Oestrus ovis em ovinos em Mato Grosso
650 _aOVINO
650 _aDOENÇA ANIMAL
650 _aPARASITO
650 _aHISTOLOGIA
773 0 _tPesquisa Veterinária Brasileira (Brazil)
_xISSN 0100-736X
_g(Aug 2012), v. 32(8) p. 754-756
_wBR2015001861
909 _a202311
_bLúcia
_c55
_dLúcia Elande
942 _2AGRIS
_n0
_cANA
999 _c243015
_d243015